| 000 | 00599nam a22001937a 4500 | ||
|---|---|---|---|
| 003 | OSt | ||
| 005 | 20260114034232.0 | ||
| 008 | 260114b |||||||| |||| 00| 0 eng d | ||
| 020 | _a978-981-4195-93-5. | ||
| 040 |
_aDWCL-Main lib _cOC |
||
| 082 |
_24th edition _aCirc. 330 M279p 2007 |
||
| 100 | _aN. Gregory Mankiw | ||
| 245 |
_aPrinciples of economics 4th ed. _cN. Gregory Mankiw |
||
| 260 |
_aSingapore : _bThomson Learning Asia, _cc2007. |
||
| 300 |
_axl, 896 pages : _billustration ; _c23 cm. |
||
| 504 | _aIncludes index. | ||
| 650 | _21. Economics. | ||
| 942 |
_2ddc _cBK-CIRC _e4th ed. _kCirc. _n0 |
||
| 999 |
_c7368 _d7368 |
||